000 00320nam a22001217a 4500
008 160518b xxu||||| |||| 00| 0 eng d
020 _a9780801661440
020 _a0801661447
041 _aeng
080 _a618.2
245 _aClinical manual of pediatrc nursing:
_cDonna L. Wong ; Lucille F. Whaley;
942 _2udc
_cBK
999 _c2184
_d2184